| 000 | 01548nam a22004217a 4500 | ||
|---|---|---|---|
| 003 | CHAP | ||
| 005 | 20220817043703.0 | ||
| 008 | 000623d1997 mx d r 00110 esp d | ||
| 010 | _a81708 | ||
| 011 | _a82680 | ||
| 020 | _a968496336X | ||
| 035 | _a93181 | ||
| 040 | _cCHAP | ||
| 082 | 0 | 4 |
_a628.1 _bS85 |
| 100 | 0 | 0 |
_aSuárez Cortez, Blanca Estela. _9110679 |
| 245 | 1 | 0 |
_aDos estudios sobre usos del agua en México (siglos XIX y XX) _c/por Blanca Estela Suárez Cortez y Diana Birrichaga Gardida |
| 260 |
_aMéxico D.F. : _bInstituto Mexicano de Tecnología del Agua, _c1997 |
||
| 300 |
_a170 p. : _bmapas ; cuadros |
||
| 410 | _aInstituto Méxicano de Tecnología del Agua | ||
| 490 | 0 | _aBiblioteca del agua | |
| 590 |
_aBATCH-UPD _b10 _c20130110 _lUCH01 _h0140 |
||
| 590 |
_aBATCH-UPD _b10 _c20130110 _lUCH01 _h1856 |
||
| 590 |
_aBATCH-UPD _b10 _c20130410 _lUCH01 _h1225 |
||
| 590 |
_aBATCH-UPD _b10 _c20130914 _lUCH01 _h2150 |
||
| 590 |
_aBATCH-UPD _b10 _c20141001 _lUCH01 _h1312 |
||
| 590 |
_aCONVERSION _b10 _c20130109 _lUCH01 _h1345 |
||
| 650 | 1 | 4 |
_aAgua _xAbastecimiento _xGuanajuato. _92240 |
| 650 | 1 | 4 |
_aAgua _xAbastecimiento _zSan Luis Potosi. _92272 |
| 650 | 1 | 4 |
_aAgua _xAprovechamiento _xMexico. _92297 |
| 650 | 1 | 4 |
_aAgua _xUtilización. _92401 |
| 700 | 0 |
_aBirrichaga Gardida, Diana. _912927 |
|
| 810 | _aInstituto Méxicano de Tecnología del Agua | ||
| 830 | 0 | 0 |
_aBiblioteca del agua _912355 |
| 901 | _aBK | ||
| 905 | _aMarco A. Mendoza T. | ||
| 942 | _cLIBRO | ||
| 949 |
_a628.1 S85 _bBC _cLIBRO _d33724000774972 _eLIBRO _h98274 _i93181 _si |
||
| 999 |
_c81708 _d81708 |
||